Two Clues: 'T' Words Quiz Stats

 Plays Quiz Updated Aug 9, 2017

Support Sporcle.
Go Orange.
Score 0/22 Timer 04:00
2 Plays Today
Two Clues 'T' Word % Correct
Azadi or EiffelTower
97.2%
Incisor or molarTooth
96.6%
Choo-choo or freightTrain
96.5%
Elm or birchTree
96.3%
Dayne or SwiftTaylor
95.4%
Scotch or ductTape
94.3%
Camping or circusTent
93.9%
Michelin or FirestoneTire
93.5%
16 °C or 57 °FTemperature
93.5%
Isosceles or scaleneTriangle
92.4%
Laffy or salt waterTaffy
86.3%
Two Clues 'T' Word % Correct
Appalachian or OregonTrail
83.9%
Coffee or billiardTable
82.8%
Achilles or patellarTendon
81.5%
The National Enquirer or StarTabloid
72%
Cicely or MikeTyson
69%
Conn Smythe or HeismanTrophy
66.2%
Richard Parker or Shere KhanTiger
63.5%
Beefsteak or cherryTomato
60.4%
Faye Messner or WynetteTammy
58.8%
Gilliam or PratchettTerry
58.8%
Lee or neapTide
39.1%

You're not logged in!

Compare scores with friends on all Sporcle quizzes.
OR
Log In
Forgot?

From the Vault

‘E’ Medical Terms

by Bellelady

Hopefully the terms in this quiz don't start combining, because an Ectopic Esophagus Embolism sounds bad.
Remove Ads.
Support Sporcle.
Get the best of Sporcle when you Go Orange. This ad-free experience offers more features, more stats, and more fun while also helping to support Sporcle. Thank you for becoming a member.

Show Comments

Extras

Top Quizzes Today


Score Distribution

Your Account Isn't Verified!

In order to create a playlist on Sporcle, you need to verify the email address you used during registration. Go to your Sporcle Settings to finish the process.

Report this User

Report this user for behavior that violates our Community Guidelines.

Details: